Symposium on network and distributed system security / (Record no. 176208)
[ view plain ]
| 000 -LEADER | |
|---|---|
| fixed length control field | 00741 a2200181 4500 |
| 003 - CONTROL NUMBER IDENTIFIER | |
| control field | NUST |
| 005 - DATE AND TIME OF LATEST TRANSACTION | |
| control field | 20230607165337.0 |
| 020 ## - INTERNATIONAL STANDARD BOOK NUMBER | |
| International Standard Book Number | 0818672226 |
| 040 ## - CATALOGING SOURCE | |
| Transcribing agency | Nust |
| 082 ## - DEWEY DECIMAL CLASSIFICATION NUMBER | |
| Classification number | 005.8,SYM |
| 245 ## - TITLE STATEMENT | |
| Title | Symposium on network and distributed system security / |
| 260 ## - PUBLICATION, DISTRIBUTION, ETC. | |
| Place of publication, distribution, etc. | California |
| Name of publisher, distributor, etc. | San Diego |
| Date of publication, distribution, etc. | 1996 |
| 300 ## - PHYSICAL DESCRIPTION | |
| Extent | 163 p.; |
| 505 ## - FORMATTED CONTENTS NOTE | |
| Formatted contents note | Electronic mail security(Page-2), Distributed object systems(Page-26), Distributed system security(Page-43), Panel intellectual property protection(Page-77), Network security(Page-79), key management(Page-114), Encryption(Page-137), Panel-public key infrastructure(Page-162). |
| 650 ## - SUBJECT ADDED ENTRY--TOPICAL TERM | |
| Topical term or geographic name entry element | network and distributed system security |
| 9 (RLIN) | 113064 |
| 710 ## - ADDED ENTRY--CORPORATE NAME | |
| Corporate name or jurisdiction name as entry element | California |
| 9 (RLIN) | 43698 |
| 942 ## - ADDED ENTRY ELEMENTS (KOHA) | |
| Koha item type | Book |
| Source of classification or shelving scheme | |
| Call number prefix | 005.8,SYM |
| Withdrawn status | Lost status | Source of classification or shelving scheme | Damaged status | Not for loan | Permanent Location | Current Location | Shelving location | Date acquired | Full call number | Barcode | Date last seen | Price effective from | Koha item type | Public note |
|---|---|---|---|---|---|---|---|---|---|---|---|---|---|---|
| Military College of Signals (MCS) | Military College of Signals (MCS) | General Stacks | 12/12/2016 | 005.8,SYM | MCS26937 | 12/08/2016 | 12/12/2016 | Book Bank | Almirah No.9, Shelf No.3 |
